two novellas and a story : (Record no. 154811)
[ view plain ]
| 000 -LEADER | |
|---|---|
| fixed length control field | 00433nam a22001457a 4500 |
| 005 - DATE AND TIME OF LATEST TRANSACTION | |
| control field | 20180725151711.0 |
| 010 ## - LCCN (DPL NO) | |
| LC control number | B-098836 |
| 020 ## - INTERNATIONAL STANDARD BOOK NUMBER | |
| International Standard Book Number | 8187649631 |
| Terms of availability | 0.00 |
| 082 ## - DEWEY DECIMAL CLASSIFICATION NUMBER | |
| Classification number | S |
| 100 ## - MAIN ENTRY--PERSONAL NAME | |
| Personal name | Ambai |
| 245 ## - TITLE STATEMENT | |
| Title | two novellas and a story : |
| Statement of responsibility, etc | by Ambai; translated by Aniruddan Vasudevan |
| Remainder of title | manuscript a deer in the forest / |
| 260 ## - PUBLICATION, DISTRIBUTION, ETC. (IMPRINT) | |
| Place of publication, distribution, etc | New Delhi |
| Name of publisher, distributor, etc | Unpublished manuscript |
| Date of publication, distribution, etc | 2003 |
| 300 ## - PHYSICAL DESCRIPTION | |
| Extent | 103p. |
| Dimensions | 21cm(hb) |
| 942 ## - ADDED ENTRY ELEMENTS (KOHA) | |
| Source of classification or shelving scheme | Dewey Decimal Classification |
| Item type | English Books |
| Call number suffix | AMB |
| Classification part | S |
| Withdrawn status | Lost status | Not for loan | Collection code | Home library | Current library | Date acquired | Source of acquisition | Cost, normal purchase price | Full call number | Barcode | Cost, replacement price | Koha item type |
|---|---|---|---|---|---|---|---|---|---|---|---|---|
| Fiction | Sarojini Nagar | Sarojini Nagar | 22/01/2019 | S AMB | B-098830 | English Books | ||||||
| Fiction | Shahdara Branch | Shahdara Branch | 25/07/2018 | BPPD/PUB | 0.00 | S AMB | B-098836 | 0.00 | English Books |
